| 000 | 00472nam a22001697a 4500 | ||
|---|---|---|---|
| 003 | OSt | ||
| 005 | 20240724131738.0 | ||
| 008 | 240724b |||||||| |||| 00| 0 eng d | ||
| 020 | _a9780974239033 | ||
| 040 |
_aMUST _cMUST |
||
| 082 | _a330.122 BRA 2006 | ||
| 100 |
_aBragdon Joseph H _919024 |
||
| 245 |
_aProfit for life; _bHow capitalism excels; case studies in living asset management |
||
| 300 |
_axix, 395p _bill. _c23cm |
||
| 650 | _2capitalism | ||
| 942 |
_2ddc _cO_SHELF |
||
| 999 |
_c9304 _d9304 |
||